Statistics for All New Gen IX Pokemon

Click here to take the quiz!

General Stats

  • This quiz has been taken 6 times
  • The average score is 80 of 103

Answer Stats

HintAnswer% Correct
Grass/NormalArboliva
100%
Grass/GhostBrambleghast
100%
Grass/GhostBramblin
100%
Fire/GhostCeruledge
100%
IceCetitan
100%
IceCetoddle
100%
FireCharcadet
100%
Poison/GroundClodsire
100%
Ghost/FairyFlutter Mane
100%
Dragon/IceFrigibax
100%
FireFuecoco
100%
GhostGimmighoul
100%
Ice/WaterIron Bundle
100%
Fighting/ElectricIron Hands
100%
Dark/FlyingIron Jugulis
100%
Fire/PoisonIron Moth
100%
Rock/ElectricIron Thorns
100%
Fairy/FightingIron Valiant
100%
Fighting/DragonKoraidon
100%
NormalLechonk
100%
Grass/DarkMeowscarada
100%
Electric/DragonMiraidon
100%
ElectricPawmi
100%
Electric/FightingPawmo
100%
Electric/FightingPawmot
100%
WaterQuaxly
100%
WaterQuaxwell
100%
BugRellor
100%
Dragon/DarkRoaring Moon
100%
Electric/GroundSandy Shocks
100%
Fairy/PsychicScream Tail
100%
Fire/GhostSkeledirge
100%
Bug/FightingSlither Wing
100%
Grass/NormalSmoliv
100%
GrassSprigatito
100%
Dragon/WaterTatsugiri
100%
Fairy/SteelTinkatink
100%
Fairy/SteelTinkaton
100%
Fairy/SteelTinkatuff
100%
Steel/PoisonVaroom
100%
Water/PsychicVeluza
100%
Fighting/GhostAnnihilape
67%
Dragon/IceArctibax
67%
Fire/PsychicArmarouge
67%
Dragon/IceBaxcalibur
67%
Flying/DarkBombirdier
67%
Grass/DarkBrute Bonnet
67%
GrassCapsakid
67%
Dark/IceChien-Pao
67%
Dark/FireChi-Yu
67%
FireCrocalor
67%
Dragon/NormalCyclizar
67%
FairyDachsbun
67%
Grass/NormalDolliv
67%
WaterDondozo
67%
Normal/PsychicFarigiraf
67%
FairyFidough
67%
WaterFinizen
67%
Flying/FightingFlamigo
67%
GrassFloragato
67%
RockGarganacl
67%
Steel/GhostGholdengo
67%
Rock/PoisonGlimmet
67%
Rock/PoisonGlimmora
67%
Poison/NormalGrafaiai
67%
Ground/FightingGreat Tusk
67%
GhostGreavard
67%
GhostHoundstone
67%
Ground/SteelIron Treads
67%
Electric/FlyingKilowattrel
67%
Dark/SteelKingambit
67%
RockKlawf
67%
Bug/DarkLokix
67%
DarkMabosstiff
67%
DarkMaschiff
67%
NormalMaushold
67%
RockNacli
67%
RockNaclstack
67%
BugNymble
67%
NormalOinkologne
67%
SteelOrthworm
67%
WaterPalafin
67%
Water/FightingQuaquaval
67%
Bug/PsychicRabsca
67%
Steel/PoisonRevavroom
67%
Grass/FireScovillain
67%
Poison/NormalShroodle
67%
BugSpidops
67%
Normal/FlyingSquawkabilly
67%
BugTarountula
67%
Dark/GroundTing-Lu
67%
Ground/GrassToedscool
67%
Ground/GrassToedscruel
67%
Electric/FlyingWattrel
67%
WaterWiglett
67%
WaterWugtrio
67%
ElectricBellibolt
33%
NormalDudunsparce
33%
PsychicEspathra
33%
PsychicFlittle
33%
ElectricTadbulb
33%
NormalTandemaus
33%
Dark/GrassWo-Chien
33%

Score Distribution

Percentile by Number Answered

Percent of People with Each Score

Your Score History

You have not taken this quiz